Calculations for molecular biology and biotechnology (Registro nro. 21638)

Detalles MARC
000 -Cabecera
Campo de control interno 01080nam a2200241Ia 4500
005 - Fecha y hora del registro
control field 20260416150348.0
008 - Elementos de Longitud Fija
fixed length control field 260320s9999||||xx |||||||||||||| ||und||
020 ## - ISBN
ISBN 9780128022115
041 ## - Idioma
Codigo Idioma Inglés
082 ## - DEWEY y NOTACIÓN INTERNA
Dewey 660.6
Notación Interna S79
100 ## - AUTOR
Autor denominación Stephenson, Frank H.,
Término de relación autor
245 #0 - TÍTULO DE MATERIAL BIBLIOGRÁFICO
Título Calculations for molecular biology and biotechnology
250 ## - EDICIÓN
Edición Third edition
260 ## - CIUDAD, EDITORIAL, AÑO
Ciudad London :
Nombre de la Editorial Academic Press is an imprint of Elsevier,
Año 2016
300 ## - DESCRIPCIÓN
N° Páginas xiii, 481 páginas :
Otros detalles tablas, gráficos ;
Dimensiones 24 cm.
650 ## - TEMAS
Temas Tecnología (Ciencias Aplicadas)
653 ## - DESCRIPTORES
Lenguajes no controlado Biología molecular matemática; Biotecnología matemática
654 ## - PROGRAMAS
Programa Dpto. de Ciencias de la Salud
856 ## - URL - UBICACIÓN
URI/URL: Enlace exacto del recurso <a href="https://itmsp.museknowledge.com/UCSP?url=https://research.ebsco.com/linkprocessor/plink?id=b8edb4dc-3c97-3f34-bbad-55470447e397">https://itmsp.museknowledge.com/UCSP?url=https://research.ebsco.com/linkprocessor/plink?id=b8edb4dc-3c97-3f34-bbad-55470447e397</a>
Nota pública: Versión digital <a href="Véase además: Calculations in molecular biology and biotechnology: a guide to mathematics in the laboratory. Versión digital">Véase además: Calculations in molecular biology and biotechnology: a guide to mathematics in the laboratory. Versión digital</a>
856 ## - URL - UBICACIÓN
URI/URL: Enlace exacto del recurso <a href="https://0u20fwr69-y-https-research-ebsco-com.itmsp.museknowledge.com/c/qxo6us/search">https://0u20fwr69-y-https-research-ebsco-com.itmsp.museknowledge.com/c/qxo6us/search</a>
Nota pública: Versión digital <a href="Véase además: Base de datos EBSCOhost">Véase además: Base de datos EBSCOhost</a>
942 ## - ELEMENTOS DE KOHA
Tipo de documento Libro
Nombre del creador Justo Noguera
Código de catalogador Margarita Torres
Esquema de clasificación Dewey Decimal Classification
Existencias
Codigo completo Registro Colección Copia número Disponibilidad Tipo de préstamo Biblioteca Actual Procedencia (Biblioteca) Ubicacón Fecha Ingreso Tipo de Adquisición Observación Date last seen Total checkouts Price effective from Tipo de Item Estado del Material Fuente de Clasificación Damaged status Withdrawn status
660.6 S79 1085185 Universidad Católica San Pablo 1 Disponible Disponible Víctor Andrés Belaunde Víctor Andrés Belaunde Segundo piso 10/03/2026 Compra Medicina 20/03/2026   20/03/2026 Libro Bueno Dewey Decimal Classification